| 000 | 01159nam2a22002651 4500 | ||
|---|---|---|---|
| 001 | RU\NLR\INFOCOMM10\1000271344 | ||
| 005 | 20250617123835.0 | ||
| 035 | _a(NLR Aleph) 002606735 | ||
| 090 |
_a3493455 _c3493455 |
||
| 100 | _a20040803d1966 |||y0rusy50 ca | ||
| 101 | 0 | _arus | |
| 102 | _aRU | ||
| 105 | _ay ||||||||| | ||
| 200 | 1 |
_aЭлектромагнитный тормоз для отдающих устройств технологического оборудования _fА.В. Петров |
|
| 210 |
_d1966 _aБ. м. |
||
| 225 | 1 |
_aТема 17 _vВып.97 |
|
| 461 | 0 |
_1001RU\NLR\INFOCOMM10\1000264961 _12001#$aПередовой научно-технический и производственный опыт$fГос. Ком. Совета Министров РСФСР по координации науч.-исслед. работ. Гос. Науч.-исслед. ин-т науч. и техн. информации$v1966, №17-66-1551 |
|
| 700 | 1 |
_aПетров _bА.В. _4070 |
|
| 801 | 1 |
_aRU _bInfoComm _c20040803 |
|
| 801 | 0 |
_aRU _bNLR _gPSBO |
|
| 852 |
_aNLR _jП11/2295 |
||
| 942 | _cISSUE | ||
| 980 | _aNB | ||
| 980 | _aRUSPER | ||